ბათუმის შოთა რუსთაველის სახელმწიფო უნივერსიტეტის ბიბლიოთეკა

ჩანაწერი Corporate Name

ჩანაწერთა რაოდენობა, რომელიც გამოყენებულია: 1

001 - CONTROL NUMBER

  • control field: 20235

003 - CONTROL NUMBER IDENTIFIER

  • control field: GE_BSU

005 - DATE AND TIME OF LATEST TRANSACTION

  • control field: 20231024174541.0

008 - FIXED-LENGTH DATA ELEMENTS

  • fixed length control field: 231024|| aca||aabn | a|a d

040 ## - CATALOGING SOURCE

  • Original cataloging agency: GE_BSU
  • Transcribing agency: GE_BSU

110 ## - HEADING--CORPORATE NAME

  • Corporate name or jurisdiction name as entry element:
  • Relator term: ჰუმანიტარულ მეცნიერებათა ფაკულტეტი ქართული ფილოლოგიის დეპარტამენტი

670 ## - SOURCE DATA FOUND

  • Source citation: Work cat.: (GE_BSU)60815: შიოშვილი,თინა 20231 ავტორი, ქარტული ზეპირსიტყვიერება /